| 000 | 00482nam a22001817a 4500 | ||
|---|---|---|---|
| 005 | 20251108170038.0 | ||
| 008 | 250721s2001 xx 000 0 ara d | ||
| 082 | 1 | 4 | _a004/سيد |
| 100 | 1 | _aالسيد، رياض | |
| 245 | 1 | 0 | _aمدخل إلى علم الحاسوب و البرمجة بلغة htmil / |
| 250 | _aط2 | ||
| 264 | _c2001. | ||
| 300 | _a347ص | ||
| 650 | 1 | 7 | _aعلم الحواسيب |
| 650 | 1 | 7 | _aلغات البرمجة |
| 942 |
_2ddc _cBK |
||
| 999 |
_c38271 _d38271 |
||